[Event "Titled Tuesday intern op 16th Jul Early"]
[Site "Chess.com INT"]
[Date "2024.07.16"]
[Round "5"]
[White "Ambartsumian, Tyhran"]
[Black "Schnaider, Ilan"]
[Result "0-1"]
[WhiteElo "2156"]
[BlackElo "2391"]
[PlyCount "96"]
[EventDate "2024.07.16"]
[EventType "swiss (blitz)"]
[EventRounds "11"]
[EventCountry "USA"]
[SourceTitle "EXT 2025"]
[Source "ChessBase"]
[SourceDate "2024.10.14"]
[SourceVersion "1"]
[SourceVersionDate "2024.10.14"]
[SourceQuality "1"]

1. e4 e5 2. Nf3 Nc6 3. d4 exd4 4. Nxd4 Nf6 5. Nxc6 bxc6 6. Bd3 d5 7. exd5 cxd5 8. 0-0 Be7 9. c4 0-0 10. cxd5 Bb7 11. Nc3 Nxd5 12. Be4 Nxc3 13. Qxd8 Rfxd8 14. Bxb7 Ne2+ 15. Kh1 Rab8 16. Bf3 Nd4 17. Be4 Ne6 18. Rb1 Bf6 19. b3 Bd4 20. Bf3 Bb6 21. Bb2 Rd2 22. Be5 Rxa2 23. Rbc1 Rxf2 24. Rxf2 Bxf2 25. Bxc7 Rxb3 26. Bd6 Bc5 27. Be5 Bf8 28. h4 Rb5 29. Bg3 Rc5 30. Rb1 Rc8 31. Rb7 a5 32. Ra7 Bb4 33. Bd5 h6 34. Kh2 Rd8 35. Bf3 Rc8 36. Be5 g6 37. Bg4 f5 38. Bf3 Bc3 39. Bg3 f4 40. Bf2 Bb4 41. Bd5 Re8 42. Bd4 Kf8 43. Bf6 Bc5 44. Rh7 f3 45. gxf3 Bd6+ 46. Kg2 Kg8 47. Rd7 Bc5 48. Kg3 Kf8 0-1